000 00676 a2200145 4500
020 _a8446014610
082 _a701
_bD946a
100 _aDuque, Felix
_9850
245 _aArte publico y espacio politico
260 _aEspaą
_bEdiciones Akal
_c2001
300 _a174 p
_bill (col)
_c24 cm
505 _tAgradecimientos
_tCapitulo 1. Controversia con Heidegger: El Arte Publico y el (Espacio) Politico
_tCapitulo 2. La tecnica como productora del mundo
_tCapitulo 3. El arte y el nacimiento del publico
_tCapitulo 4. El Arte Publico y la herida de la tierra
_tBibliografia
_tIndice de ilustraciones
650 _aestetica
_xarte
_xarte publico
_xarte y estado
_9851
700 _aFelix Duque
_9852
999 _c178
_d178